Les meilleurs films par réalisateur - Statistiques

Statistiques générales
  • Ce quiz a été pris 201 fois
  • Le résultat moyen est 7 sur 15
Statistiques - réponses
Hint Réponse % Correct
Quentin Tarantino pulp fiction
82%
Christopher Nolan interstellar
77%
Francis Ford Coppola the godfather
73%
David Fincher fight club
70%
Alfred Hitchcock psychose
61%
Stanley Kubrick shining
55%
Sergio Leone The good the bad and the ugly
55%
Martin Scorsese the goodfellas
52%
Hayao Miyazaki spirited away
47%
Tim Burton edward scissorhands
37%
Joel and Ethan Coen no country for old men
35%
Steven Spielberg Schindler's list
33%
Clint Eastwood million dollar baby
29%
Fritz Lang metropolis
22%
Akira Kurosawa live
1%
Aucun quiz correspondant
Distribution des résultats
% des personnes avec chaque résultat
Percentile par nombre de réponses
Votre historique - résultats
Vous n’avez pas pris ce quiz